| 000 | 00912nam a22001815i 4500 | ||
|---|---|---|---|
| 001 | 166023 | ||
| 003 | ES-MaACL | ||
| 005 | 20230906213241.0 | ||
| 008 | 050920s1880 sp | |||||||| ||spa d | ||
| 040 |
_aCAM _bspa _cCAM |
||
| 100 | 1 |
_aTapia y Serrano, Manuel. _9109246 |
|
| 245 | 1 | 0 |
_aHistorias de clínica quirúrgica _b: colección de más de 300 observaciones completadas con análisis histológicos y trazados esfigmográficos recogidos durante los cursos de 1877 á 1880 en la clínica del Dr. Creus y Manso...revisadas por este para su publicación / _cM. Tapia. |
| 260 |
_aMadrid : _b[s.n.], _c1880 ( _fImprenta de P. Abienzo) |
||
| 300 |
_a291 p. ; _c22 cm. |
||
| 650 | 4 |
_aCirugía- _vCasos clínicos. _9139190 |
|
| 700 | 0 |
_aCreus y Manso, Juan. _941578 |
|
| 852 |
_aES-MaACL _jG-15437(1) _z-- Enc. hol. _z.- Dedicatoria autógrafa de Manuel Tapia a Gustavo Sáenz Diez _z.- Legado de Gustavo Saenz Diez |
||
| 999 |
_c166023 _d166023 |
||